00458nam a2200157Ia 450000500170000000800410001704000190005804100120007708200150008910000190010424500730012326000520019630000200024865000220026885000100029020260602132205.0131103s9999 xx 000 0 und d aLoreto College aEnglish a840.9bLAG aLagarde, Andre aXvii siecleb Les grands auteure french du programme cAndre Lagarde aBordasbCollection textes et litteraturec[19?] aXi,640p.b ill. aFrench literature aLCLIB